Los Angeles Lakers Championship Teams - Statistics

General Stats
  • This quiz has been taken 198 times
    116 since last reset
  • The average score is 65 of 136
Answer Stats
Season(s) No. Pos Player % Correct
2000 8 SG Kobe Bryant
97%
2001 8 SG Kobe Bryant
97%
2002 8 SG Kobe Bryant
97%
2009 24 SG Kobe Bryant
97%
2010 24 SG Kobe Bryant
97%
2020 23 SF LeBron James
95%
1980 32 PG Magic Johnson
93%
1982 32 PG Magic Johnson
93%
1985 32 PG Magic Johnson
93%
1987 32 PG Magic Johnson
93%
1988 32 PG Magic Johnson
93%
1980 33 C Kareem Abdul-Jabbar
92%
1982 33 C Kareem Abdul-Jabbar
92%
1985 33 C Kareem Abdul-Jabbar
92%
1987 33 C Kareem Abdul-Jabbar
92%
1988 33 C Kareem Abdul-Jabbar
92%
2000 34 C Shaquille O'Neal
92%
2001 34 C Shaquille O'Neal
92%
2002 34 C Shaquille O'Neal
92%
2020 3 PF Anthony Davis
88%
2009 16 PF Pau Gasol
82%
2010 16 PF Pau Gasol
82%
2020 39 C Dwight Howard
80%
1982 34 SG Clay Johnson
78%
2000 2 PG Derek Fisher
77%
2001 2 PG Derek Fisher
77%
2002 2 PG Derek Fisher
77%
2009 2 PG Derek Fisher
77%
2010 2 PG Derek Fisher
77%
1985 42 SF James Worthy
76%
1987 42 SF James Worthy
76%
1988 42 SF James Worthy
76%
1987 45 PF A.C. Green
74%
1988 45 PF A.C. Green
74%
2000 45 PF A.C. Green
74%
2020 14 SF Danny Green
74%
2009 17 C Andrew Bynum
67%
2010 17 C Andrew Bynum
67%
2020 1 SG Kentavious Caldwell-Pope
67%
1980 21 SG Michael Cooper
63%
1982 21 SG Michael Cooper
63%
1985 21 SG Michael Cooper
63%
1987 21 SG Michael Cooper
63%
1988 21 SG Michael Cooper
63%
1985 4 SG Byron Scott
62%
1987 4 SG Byron Scott
62%
1988 4 SG Byron Scott
62%
2000 17 SF Rick Fox
62%
2001 17 SF Rick Fox
62%
2002 17 SF Rick Fox
62%
2009 7 PF Lamar Odom
61%
2010 7 PF Lamar Odom
61%
2010 37 SF Metta World Peace
61%
2020 9 PG Rajon Rondo
60%
2000 5 PF Robert Horry
60%
2001 5 PF Robert Horry
60%
2002 5 PF Robert Horry
60%
2020 7 C JaVale McGee
54%
1982 40 SF Mike McGee
54%
1985 40 SF Mike McGee
54%
2000 4 PG Ron Harper
54%
2001 4 PG Ron Harper
54%
1980 52 SF Jamaal Wilkes
51%
1982 52 SF Jamaal Wilkes
51%
2020 21 SG J.R. Smith
51%
2020 0 PF Kyle Kuzma
51%
2001 54 PF Horace Grant
50%
1980 10 PG Norm Nixon
50%
1982 10 PG Norm Nixon
50%
1982 31 PF Kurt Rambis
49%
1985 31 PF Kurt Rambis
49%
1987 31 PF Kurt Rambis
49%
1988 31 PF Kurt Rambis
49%
2020 88 PF Markieff Morris
47%
2020 4 PG Alex Caruso
46%
2009 3 SF Trevor Ariza
43%
2000 41 SF Glen Rice
40%
1987 55 SF Billy Thompson
38%
1987 43 PF Mychal Thompson
38%
1988 43 PF Mychal Thompson
38%
2009 12 SG Shannon Brown
38%
2010 12 SG Shannon Brown
38%
1982 11 C Bob McAdoo
33%
1985 11 C Bob McAdoo
33%
2009 4 SF Luke Walton
33%
2010 4 SF Luke Walton
33%
2000 20 SG Brian Shaw
29%
2001 20 SG Brian Shaw
29%
2002 20 SG Brian Shaw
29%
2000 3 SF Devean George
29%
2001 3 SF Devean George
29%
2002 3 SF Devean George
29%
2009 18 SG Sasha Vujačić
28%
2010 18 SG Sasha Vujačić
28%
2000 10 PG Tyronn Lue
26%
2001 10 PG Tyronn Lue
26%
2020 2, 28 PG Quinn Cook
24%
2020 5 SG Talen Horton-Tucker
23%
2000 16 C John Salley
22%
1988 19 SF Tony Campbell
22%
2009 5 PG Jordan Farmar
21%
2010 5 PG Jordan Farmar
21%
2002 52 PF Samaki Walker
21%
2009 21 PF Josh Powell
20%
2010 21 PF Josh Powell
20%
2002 23 SG Mitch Richmond
20%
2009 28 C D.J. Mbenga
16%
2010 28 C D.J. Mbenga
16%
2020 18 SG Dion Waiters
14%
1980 31 PF Spencer Haywood
14%
2002 10 PG Lindsey Hunter
13%
2001 14 C Stanislav Medvedenko
12%
2002 14 C Stanislav Medvedenko
12%
1982 5 PG Eddie Jordan
11%
2020 10 PF Jared Dudley
11%
1980 15 PG Butch Lee
10%
2001 35 PF Mark Madsen
10%
2002 35 PF Mark Madsen
10%
2000 40 C Travis Knight
10%
1980 9 C Jim Chones
9%
1985 25 PF Mitch Kupchak
8%
1987 1 PG Wes Matthews
8%
1988 1 PG Wes Matthews
8%
1985 43 C Chuck Nevitt
7%
1980 54 PF Mark Landsberger
7%
1982 54 PF Mark Landsberger
7%
1982 8 PF Jim Brewer
5%
1980 14 SG Brad Holland
3%
2001 40 C Greg Foster
3%
1980 7 SF Marty Byrnes
3%
1987 24 SF Adrian Branch
2%
1987 52 C Mike Smrek
2%
1988 52 C Mike Smrek
2%
1985 35 PF Larry Spriggs
1%
1988 20 SG Milt Wagner
1%
1985 12 PG Ronnie Lester
1%
No matching quizzes found
Score Distribution
Percent of People with Each Score
Percentile by Number Answered
Your Score History
You have not taken this quiz since the last reset